MARC details
| 000 -LEADER |
| fixed length control field |
01617cam a2200421Ia 4500 |
| 001 - CONTROL NUMBER |
| control field |
sjds318869973 |
| 003 - CONTROL NUMBER IDENTIFIER |
| control field |
sjds |
| 005 - DATE AND TIME OF LATEST TRANSACTION |
| control field |
20240806185414.0 |
| 008 - FIXED-LENGTH DATA ELEMENTS--GENERAL INFORMATION |
| fixed length control field |
101115r20101998nyu 000 1 eng d |
| 020 ## - INTERNATIONAL STANDARD BOOK NUMBER |
| International Standard Book Number |
9780440245957 |
| Qualifying information |
(pbk.) |
| 020 ## - INTERNATIONAL STANDARD BOOK NUMBER |
| International Standard Book Number |
0440245958 |
| Qualifying information |
(pbk.) |
| 040 ## - CATALOGING SOURCE |
| Original cataloging agency |
BTCTA |
| Language of cataloging |
eng |
| Transcribing agency |
BTCTA |
| Modifying agency |
IUI |
| -- |
OCLCF |
| -- |
OCLCO |
| -- |
OCLCQ |
| -- |
OCLCA |
| -- |
JDP |
| -- |
OCLCO |
| -- |
OCL |
| -- |
NZMAP |
| -- |
BDX |
| -- |
YDXCP |
| -- |
OCLCO |
| -- |
TL4 |
| -- |
JX9 |
| -- |
OCLCO |
| -- |
OCL |
| -- |
JRI |
| 043 ## - GEOGRAPHIC AREA CODE |
| Geographic area code |
n-us-dc |
| 050 14 - LIBRARY OF CONGRESS CALL NUMBER |
| Classification number |
PS3557.R5355 |
| Item number |
S7 2010 |
| 082 04 - DEWEY DECIMAL CLASSIFICATION NUMBER |
| Classification number |
813/.54 |
| Edition number |
22 |
| 082 14 - DEWEY DECIMAL CLASSIFICATION NUMBER |
| Classification number |
[Fic] |
| Edition number |
14 |
| 092 ## - LOCALLY ASSIGNED DEWEY CALL NUMBER (OCLC) |
| Classification number |
AP |
| 100 1# - MAIN ENTRY--PERSONAL NAME |
| Personal name |
Grisham, John. |
| 245 14 - TITLE STATEMENT |
| Title |
The street lawyer : |
| Remainder of title |
a novel / |
| Statement of responsibility, etc. |
John Grisham. |
| 250 ## - EDITION STATEMENT |
| Edition statement |
2010 Dell mass market ed. |
| 260 ## - PUBLICATION, DISTRIBUTION, ETC. (IMPRINT) |
| Place of publication, distribution, etc. |
New York : |
| Name of publisher, distributor, etc. |
Dell, |
| Date of publication, distribution, etc. |
2010, c1998. |
| 300 ## - PHYSICAL DESCRIPTION |
| Extent |
438 pages ; |
| Dimensions |
20 cm. |
| 336 ## - CONTENT TYPE |
| Content type term |
text |
| Content type code |
txt |
| Source |
rdacontent. |
| 337 ## - MEDIA TYPE |
| Media type term |
unmediated |
| Media type code |
n |
| Source |
rdamedia. |
| 338 ## - CARRIER TYPE |
| Carrier type term |
volume |
| Carrier type code |
nc |
| Source |
rdacarrier. |
| 500 ## - GENERAL NOTE |
| General note |
Originally published: New York : Doubleday, c1998. |
| 520 ## - SUMMARY, ETC. |
| Summary, etc. |
After a violent encounter with a homeless man, talented corporate lawyer Michael finds himself out in the streets, lucky to be alive, and holding a top-secret file belonging to his former employers. |
| 651 #0 - SUBJECT ADDED ENTRY--GEOGRAPHIC NAME |
| Geographic name |
Washington (D.C.) |
| Form subdivision |
Fiction. |
| 651 #7 - SUBJECT ADDED ENTRY--GEOGRAPHIC NAME |
| Geographic name |
Washington (D.C.) |
| Source of heading or term |
fast |
| Authority record control number |
(OCoLC)fst01204505. |
| 651 #7 - SUBJECT ADDED ENTRY--GEOGRAPHIC NAME |
| Geographic name |
Washington (D.C.) |
| Form subdivision |
Fiction. |
| Source of heading or term |
sears. |
| 655 #7 - INDEX TERM--GENRE/FORM |
| Genre/form data or focus term |
Legal fiction (Literature) |
| Source of term |
fast |
| Authority record control number |
(OCoLC)fst01921711. |
| 655 #7 - INDEX TERM--GENRE/FORM |
| Genre/form data or focus term |
Legal stories. |
| Source of term |
sears. |
| 655 #7 - INDEX TERM--GENRE/FORM |
| Genre/form data or focus term |
Fiction. |
| Source of term |
fast |
| Authority record control number |
(OCoLC)fst01423787. |
| 655 #7 - INDEX TERM--GENRE/FORM |
| Genre/form data or focus term |
Legal stories. |
| Source of term |
gsafd. |
| 655 #7 - INDEX TERM--GENRE/FORM |
| Genre/form data or focus term |
Legal fiction (Literature) |
| Source of term |
lcgft. |
| 655 #7 - INDEX TERM--GENRE/FORM |
| Genre/form data or focus term |
Legal stories. |
| Source of term |
gsafd. |
| 942 ## - ADDED ENTRY ELEMENTS (KOHA) |
| Koha item type |
Libro/Book |
| Source of classification or shelving scheme |
Dewey Decimal Classification |